00842nam a2200277Ia 4500001000700000003000500007008004100012010001100053040000900064082001500073100006600088245011500154260006300269300002200332440000500354500000500359503001100364650002900375901001500404902000600419910000900425942000600434942000700440999001900447952009800466Z_2660CHAP220113s1984 xx 000 0 und d a165720 cCHAP a615.892 I5 aInstituto de la Medicina Tradicional china de Beijing9139672 aFundamentos de acupuntura y moxibustion de China /cpor Instituto de la Medicina Tradicional China de Beijing aBeijing, China :bEdiciones en Lenguas Extranjeras,c1984 a461 p. : bilus. a a a145686 aAcupuntura China9139673 a615.892 I5 aA a1984 c1 cc1 c165720d165720 00102ddc40708GRALaZbZc3d2005-11-09pz_3098r2022-01-18 00:00:00t1w2022-01-18yLIBRO